| 000 | 00869nam a22001337a 4500 | ||
|---|---|---|---|
| 040 | _cRUA | ||
| 082 | _aAED ROT 2016 B650 Or.1 | ||
| 100 | _aROTH SREYVANG រ័ត្ម ស្រីវ៉ាង | ||
| 245 | _athe study on business on fruit trees of MRS. srey pich's natural at preak peusy village prek reusy commune takhmao city kandal province ការសិក្សារអំពីអាជីវាកម្មលក់កូឈើហូបផ្លែរបស់សួន ធម្មជាតិ ស្រីពេជ្រ នៅភូមិព្រែកឬស្សី ឃុំ ព្រែកឬស្សីក្រុងតាខ្មៅ ខេត្តកណ្តាល | ||
| 260 |
_aRUA _bPhnom Penh |
||
| 300 |
_axi;58p _bill; _c29cm |
||
| 856 | _uhttps://drive.google.com/file/d/1ZObnW4YMjmqndWKy1NjYqUKxkOyy3uWu/view?usp=sharing | ||
| 942 | _cAED | ||
| 999 |
_c18402 _d18402 |
||